| 000 | 00739cab a2200229 4500 | ||
|---|---|---|---|
| 001 | ABS40517 | ||
| 008 | 090401t1989 xxu||||| |||| 00| 0 eng d | ||
| 035 | _a(Sirsi) u24457 | ||
| 041 | _aeng | ||
| 100 | _aDugmore, K. | ||
| 245 | _aInSite - CACI`s PC software | ||
| 260 | _c1989 | ||
| 350 | _a0 | ||
| 490 |
_aBURISA _v(87) February 1989, 17(1) |
||
| 520 | _aBrief description of InSite , a software package developed by CACI to meet the needs of its clients wishing to analyse small area information on their own PCs. | ||
| 650 | _aCOMPUTERS | ||
| 650 | _aMANAGEMENT-BUSINESS MANAGEMENT-INFORMATION MANAGEMENT | ||
| 650 | _aLAND INFORMATION SYSTEMS | ||
| 690 | _aPRACTICE AND TECHNIQUES | ||
| 942 | _n0 | ||
| 948 | _c04/03/1997 | ||
| 999 |
_c16400 _d16400 |
||